|
|
|
|
| LEADER |
01242pam a22003498a 4500 |
| 001 |
00032115 |
| 005 |
20171026081025.0 |
| 008 |
140423s2011 ||||||viesd |
| 020 |
|
|
|c 10000
|
| 041 |
0 |
# |
|a vie
|
| 082 |
1 |
4 |
|a 895.922 3
|b NG455M
|
| 100 |
0 |
# |
|a Kim Dung
|
| 245 |
1 |
0 |
|a Ngỗng mẹ dũng cảm
|c Kim Dung, Minh Hiếu, Minh Hải
|
| 260 |
# |
# |
|a Hà Nội
|b Giáo dục
|c 2011
|
| 300 |
# |
# |
|a 15 tr.
|c 24 cm.
|b tranh màu
|
| 490 |
# |
# |
|a Tủ Truyện tranh song ngữ Việt - Anh. Chủ đề: Ngụ ngôn về loài vật
|v T.12
|
| 653 |
# |
# |
|a Sách song ngữ
|
| 653 |
# |
# |
|a Truyện tranh
|
| 653 |
# |
# |
|a Văn học thiếu nhi
|
| 653 |
# |
# |
|a Việt Nam
|
| 700 |
0 |
# |
|a Minh Hiếu
|
| 700 |
0 |
# |
|a Minh Hải
|
| 852 |
# |
# |
|b Kho mượn
|j KM.0016792, KM.0016793, KM.0016794, KM.0016795, KM.0016796, KM.0016797, KM.0016798, KM.0016799, KM.0016800
|
| 852 |
# |
# |
|j KM.0016792
|j KM.0016793
|j KM.0016795
|j KM.0016796
|j KM.0016798
|j KM.0016799
|j KD.0015734
|j KM.0016794
|j KM.0016797
|j KM.0016800
|
| 852 |
# |
# |
|b Kho đọc
|j KD.0015734
|
| 910 |
0 |
# |
|d 23/4/2014
|
| 980 |
# |
# |
|a Trung tâm Học liệu Lê Vũ Hùng, Trường Đại học Đồng Tháp
|